| 000 | 00386nam a2200145Ia 4500 | ||
|---|---|---|---|
| 008 | 211109s9999||||xx |||||||||||||| ||und|| | ||
| 082 |
_a894.8123 _bURO-N |
||
| 100 | _aUroob, | ||
| 245 | 0 | _aNeelavelicham | |
| 260 |
_bPurna _aCalicut _c1952 |
||
| 300 | _a120p. | ||
| 630 | _xGENERAL STACK | ||
| 650 |
_aLiterature _vMalayalam Literature _xMalayalam FictionStoryMalayalam |
||
| 942 | _cBOOK | ||
| 999 |
_c46348 _d46348 |
||